Normal view
MARC view
- Ismat Aziz
Entry Personal Name
001 - CONTROL NUMBER
- control field: 28475
003 - CONTROL NUMBER IDENTIFIER
- control field: NUST
005 - DATE AND TIME OF LATEST TRANSACTION
- control field: 20200214115940.0
008 - FIXED-LENGTH DATA ELEMENTS
- fixed length control field: 200214|| aca||aabn | a|a d
040 ## - CATALOGING SOURCE
- Original cataloging agency: NUST
- Transcribing agency: NUST
100 ## - HEADING--PERSONAL NAME
- Personal name: Ismat Aziz
670 ## - SOURCE DATA FOUND
- Source citation: Work cat.: (NUST): Ismat Aziz, Can the World be Changed.?, c2010
